Word Ladder: Expressions Quiz Stats

 Plays Quiz Updated Jun 12, 2017

Support Sporcle.
Go Orange.
Score 0/15 Timer 01:30
1 Play Today
Clue 4-Letter Word % Correct
'Early ___ catches the worm'BIRD
98.9%
'Eyes ___ open'WIDE
96.2%
'Life in the fast ___'LANE
96.1%
'You've crossed a ____'LINE
95.1%
'Seek and ye shall ___'FIND
93.2%
'___ and dine'WINE
92.6%
'Swim against the ___'TIDE
90.6%
'A stitch in ___ saves nine'TIME
87.2%
Clue 4-Letter Word % Correct
'Wax and ___'WANE
86.7%
'A ___ kettle of fish'FINE
85.1%
'In a ___'BIND
84.7%
'___ it easy'TAKE
81%
'A wild goose never laid a ___ egg'TAME
71.7%
'___ from scratch'BAKE
48%
'A ___ in the woods'BABE
26.7%

Today's Daily Dose

Word Ladder
New Dimensions!

Quick Pick
'Animal' Fish

Get the Picture
Bird or Food?

You're not logged in!

Compare scores with friends on all Sporcle quizzes.
OR
Log In
Forgot?

From the Vault

Countries per Largest Languages

by nrsilver

A guide for where to hang out when you talk like everybody else on this big rock.
Remove Ads.
Support Sporcle.
Get the best of Sporcle when you Go Orange. This ad-free experience offers more features, more stats, and more fun while also helping to support Sporcle. Thank you for becoming a member.

Show Comments

Extras

Top Quizzes Today


Score Distribution

Your Account Isn't Verified!

In order to create a playlist on Sporcle, you need to verify the email address you used during registration. Go to your Sporcle Settings to finish the process.

Report this User

Report this user for behavior that violates our Community Guidelines.

Details: